000 01598nam0a2200385 4500
001 RU\NLR\bibl\879460
005 20250614164422.0
010 _a5-9533-0779-9
_bв обл.
_93000
021 _aRU
_b2005-45515
_92237
035 _a(nilc)RSL-KNO-002686136
035 _a(NLR Aleph) 000868039
090 _a1581791
_c1581791
100 _a20050712d2005 |||y0rusy50 ca
101 0 _arus
102 _aRU
105 _aa dm |||||
106 _ar
200 1 _aКраснодарский край
_e[путешествие за здоровьем
_fИ.М. Шевелева, Н.В. Маньшина]
210 _aМ.
_cВече [и др.]
_d2005
_gТул. тип.
215 _a285 с., [8] л. цв. ил.
_cил., цв. ил.
_d20
225 1 _aИсторический путеводитель
_fавт. идеи и проекта Бурыгин С.М.
300 _aНа обл. авт.: И.М. Шевелева, Н.В. Маньшина
606 1 _aСанаторно-курортное лечение
_yКраснодарский край
_91443563
_3RU\NLR\auth\66611084
607 _aКраснодарский край
_jПутеводители
_xИстория
_91030742
_3RU\NLR\auth\6677597
686 _aТ3(2Р-4Кр)я23
686 _aР354.99(2Р37-4Кр)
702 1 _aШевелева
_bИ. М.
_gИрина Михайловна
_4220
801 0 _aRU
_bRuMoRKP
_c20050712
801 1 _aRU
_bRuMoRGB
_c20050712
801 2 _aRU
_bNLR
_c20051126
_grcr
830 _aсост. по кн.
942 _cBOOK
980 _aNB